Medzinárodné investičné postavenie SR v posledných 10 rokoch
Štruktúra medzinárodného investičného postavenia a jeho štandardné komponenty. Príklad vykazovania medzinárodného investičného postavenia. Vývoj medzinárodného investičného postavenia SR za roky 2002-2012. Vývoj priamych zahraničných investícií v zahraničí v rokoch 2002-2012.
Gespeichert in:
| 1. Verfasser: | |
|---|---|
| Format: | Buchkapitel |
| Sprache: | Slowakisch |
| Schlagworte: | |
| Tags: |
Keine Tags, Fügen Sie das erste Tag hinzu!
|
MARC
| LEADER | 00000nla a2200000 4500 | ||
|---|---|---|---|
| 001 | 0164058 | ||
| 005 | 20231121083444.0 | ||
| 041 | 0 | |a slo | |
| 044 | |a SK | ||
| 245 | 1 | 0 | |a Medzinárodné investičné postavenie SR v posledných 10 rokoch |c Lenka Pastorková |
| 520 | |a Štruktúra medzinárodného investičného postavenia a jeho štandardné komponenty. Príklad vykazovania medzinárodného investičného postavenia. Vývoj medzinárodného investičného postavenia SR za roky 2002-2012. Vývoj priamych zahraničných investícií v zahraničí v rokoch 2002-2012. | ||
| 610 | 2 | 0 | |a Slovensko |
| 610 | 2 | 0 | |a výkonnosť ekonomiky |
| 610 | 2 | 0 | |a krajiny vyspelé |
| 610 | 2 | 0 | |a investície priame zahraničné |
| 610 | 2 | 0 | |a stratégia investičná |
| 100 | 1 | |a Pastorková, Lenka | |